000 01258nam a2200241Ia 4500
003 Ost
005 20260507075759.0
008 260507s9999||||xx |||||||||||||| ||und||
020 _a978996953750
040 _cfsecg
041 _aara
082 _a3324665
100 _aبخوش، ليندة
_eمؤلف
245 0 _aتطور النظام المالي الجزائري :
_bدراسة تحليلية /
_c ليندة بخوش
260 _aالجزائر :
_bدار إيلياء للنشر والتوزيع,
_c2024
300 _a247 صفحة؛
_bإيضاحات ؛
_c24 سم
504 _aببليوعرافيا: ص. ص. 236-247
520 _aمسار تطور النظام المصرفي الجزائري في ضوء الاصلاحات، تحليل تطور النظام المصرفي: بعد العمق المالي، تحليل تطور النظام المصرفي: بعد الوصول ''الشمول''، الكفاءة و الاستقرار الملي، و تحديات إصلاح المنظومة المصرفية بالجزائر، تحليل تطور بورصة الجزائر
653 _aالبورصات
653 _aالنظام النقدي- الجزائر
700 _aبلدي، مروى
_eمؤلف ثانوي
942 _cكتاب
999 _c46259
_d46259